000 00777nam a22002417a 4500
005 20250903112023.0
008 250903b |||||||| |||| 00| 0 eng d
037 _cTB
040 _aCRL
_cCRL
041 _2SIN
_aSIN
084 _aO156,3N39x 1593R1
_bCRL
100 _aMehta, Chanderkant
_9819851
245 _aAakhir kestaien
260 _aAhmedabad, India:
_bAsha Jagasia,
_c2021.
300 _a128p.
365 _b280.00
_cINR
546 _aTranslated from Gujarati to Sindhi
650 _aGujarati Literature
_9734799
650 _aGujarati Fiction
_9726555
700 _aDayal, Asha Jagasia
_eTranslator
_9819852
942 _2CC
_cTB
_hO156,3N39x 1593R1
_n0
999 _c1435099
_d1435099